Gaming Quiz

Random Gaming or Video Games Quiz

Elder Scrolls Races by Province Quiz Stats

 Plays Quiz Updated Feb 18, 2020

Support Sporcle.
Go Orange.
Score 0/10 Timer 02:00
4 Plays Today
Province Race % Correct
MorrowindDunmer
91.7%
SkyrimNord
91.6%
CyrodiilImperial
88.5%
Black MarshArgonian
86.7%
ValenwoodBosmer
86%
Summerset IsleAltmer
83.6%
Orsinium (in High Rock)Orsimer
82.5%
HammerfellRedguard
79.9%
ElsweyrKhajiit
79.3%
High RockBreton
75.8%

From the Vault

Musicals by Last Lyrics

by PBRthur

After playing this quiz, post your favorite line as your Facebook status - seems like a Friday thing to do.
Remove Ads.
Support Sporcle.
Get the best of Sporcle when you Go Orange. This ad-free experience offers more features, more stats, and more fun while also helping to support Sporcle. Thank you for becoming a member.

Show Comments

Extras

Top Quizzes Today


Score Distribution

Your Account Isn't Verified!

In order to create a playlist on Sporcle, you need to verify the email address you used during registration. Go to your Sporcle Settings to finish the process.

Report this User

Report this user for behavior that violates our Community Guidelines.

Details: